000 00839nas a2200265 4500
001 BR2019001561
003 BR-BrBNA
005 20231205131933.0
007 ta
008 230509b bl.|||p| |||| 00| 00por d
040 _aBR-BrBNA
_bpor
_cBiblioteca Nacional de Agricultura
041 _a(Pt)
072 _aH10
100 1 _aDelabie, J.H.C.
245 1 _aOcorrência de Wasmannia auropunctata (Roger, 1863). (Hymenoptera, Formicidae, Myrmicinae)em cacauais na Bahia, Brasil
650 _aTHEOBROMA CACAO
650 _aECOLOGIA
650 _aENTOMOLOGIA
650 _aHIMENÓPTERO
650 _aFORMIGA
773 0 _tRevista Theobroma (Brazil)
_xISSN 0370-7962
_g(Jan-Mar 1988), v. 18(1) p. 29-37
_wBR2019001561
856 4 0 _dLink DSPACE/MAPA BR2019001561
909 _a202311
_bLúcia
_c55
_dLúcia Elande
942 _2AGRIS
_n0
_cANA
999 _c257574
_d257574